| 000 | 00490nam a2200169 a 4500 | ||
|---|---|---|---|
| 005 | 20140412111312.0 | ||
| 008 | 050514s19uu xx 00 eng d | ||
| 020 | _a0-7835-9121-7 | ||
| 050 |
_aREF 030 _bT55 1996 v.8 |
||
| 100 | _aLevy, David H. | ||
| 245 |
_aTime Warner Discoveries : _bStars and Planets / _cDavid H. Levy. |
||
| 260 |
_bTime Warner Books, _c1997. |
||
| 300 | _a64 p. ; ill. | ||
| 440 | _aTime Warner Discoveries Libraries | ||
| 650 | _aEncyclopedias | ||
| 999 |
_c104068 _d104068 |
||